Laddar...

Marxism and anthropology :

Bibliografiska uppgifter
Huvudupphovsman: Bloch, Maurice
Materialtyp: Printed Book
Språk:English
Publicerad: Oxford [Oxfordshire] ; New York : Oxford University Press, 1985, c1983.
Serie:Marxist introductions
Ämnen:
LEADER 00674 a2200193 4500
008 150103s9999 000 0 eng
020 |a 0192851489 (pbk.) : 
082 0 0 |a 301 BLO/MA 
100 1 |a Bloch, Maurice. 
245 1 0 |a Marxism and anthropology : 
260 |a Oxford [Oxfordshire] ;  |a New York :  |b Oxford University Press,  |c 1985, c1983. 
300 |a 180 p. ; 
440 0 |a Marxist introductions 
500 |a Includes index. 
650 0 |a Marxist anthropology. 
650 0 |a Anthropology. 
942 |c BK 
999 |c 303543  |d 303543 
952 |0 0  |1 0  |2 ddc  |4 0  |6 301_000000000000000_BLO_MA  |7 0  |9 347160  |a DRA  |b DRA  |c ST1  |d 2011-03-16  |i 3857  |l 0  |o 301 BLO/MA  |p DRA3857  |r 2019-01-03  |w 2019-01-03  |y BK